All 4-Letter Words Starting with “L” - Statistics

General Stats
  • This quiz has been taken 1,385 times
    752 since last reset
  • The average score is 132 of 225
Answer Stats
Word % Correct
lack
92%
loop
90%
love
90%
lame
89%
last
88%
lead
88%
labs
87%
lean
87%
line
87%
lock
87%
lace
86%
lads
86%
lane
86%
late
86%
lick
86%
like
86%
lime
86%
loom
86%
lose
86%
lost
86%
laps
85%
lips
85%
lake
84%
list
84%
look
84%
lore
84%
lags
83%
leaf
83%
leap
83%
loot
83%
luck
83%
lamb
82%
lamp
82%
laws
82%
loon
82%
lots
82%
land
81%
leak
81%
live
81%
lust
81%
lets
80%
link
80%
logs
80%
life
79%
lite
79%
load
79%
laid
78%
lays
78%
lear
78%
lest
78%
legs
77%
limp
77%
lint
77%
loss
77%
lass
76%
lies
76%
lash
75%
laze
75%
lazy
75%
limb
75%
loan
75%
loos
75%
lope
75%
lids
74%
long
74%
lops
74%
lows
74%
lump
74%
lung
74%
lure
74%
lair
73%
lark
73%
less
73%
lobs
73%
lone
73%
lade
72%
leer
72%
lift
72%
lice
71%
lobe
71%
lain
70%
lang
70%
lard
70%
lend
70%
lent
70%
liar
70%
lord
70%
lats
69%
leas
69%
leek
68%
ling
68%
lits
68%
lode
68%
lute
68%
lens
67%
lion
67%
lire
67%
loaf
67%
lugs
67%
lady
66%
lank
66%
lees
66%
left
66%
lied
66%
loft
66%
lush
65%
lath
64%
lins
64%
lacy
63%
lawn
63%
loam
63%
lars
62%
lave
62%
limo
62%
lube
62%
lune
62%
lyre
62%
lase
61%
lava
60%
lams
59%
leal
59%
lisp
59%
larn
58%
lewd
58%
lino
58%
loud
58%
luna
58%
lacs
57%
libs
57%
lier
57%
loch
57%
lunk
57%
logo
56%
loin
56%
lien
54%
lilt
54%
lily
54%
lull
54%
lurk
54%
leet
52%
loth
52%
lima
51%
lorn
51%
lipe
50%
loof
50%
lout
50%
lude
50%
luge
50%
lama
49%
laud
49%
lipo
48%
loci
48%
loll
48%
lari
47%
linn
47%
lall
46%
limn
46%
lira
46%
lunt
46%
lati
45%
lobo
45%
loge
45%
luns
45%
loco
44%
loto
42%
luce
42%
leno
41%
lief
41%
loca
41%
luff
41%
levy
40%
lich
40%
lido
40%
lieu
40%
lipa
40%
loti
40%
lowe
40%
limy
38%
lour
38%
lown
38%
lums
38%
lavs
37%
leis
37%
levs
37%
lilo
37%
liny
37%
lota
37%
ludo
37%
luds
37%
lory
36%
lynx
35%
leys
34%
loup
34%
laky
33%
lahs
32%
lakh
32%
lech
32%
lede
32%
luxe
32%
laic
31%
luma
31%
leks
30%
latu
29%
lept
29%
leva
29%
levo
27%
lulu
27%
leud
26%
lias
26%
loid
25%
lues
25%
luny
25%
lyes
24%
liri
23%
logy
23%
leke
22%
luvs
21%
litu
16%
luau
16%
lutz
14%
lyse
13%
lehr
11%
leku
11%
lych
7%
lwei
1%
No matching quizzes found
Score Distribution
Percent of People with Each Score
Percentile by Number Answered
Your Score History
You have not taken this quiz since the last reset